Les trios dans le rap - Statistiques

Statistiques générales
  • Ce quiz a été pris 32 fois
  • Le résultat moyen est 2 sur 5
Statistiques - réponses
Trio Rappeur & Rappeur & Rappeur % Correct
Migos TakeOff & Quavo & Offset
83%
MZ Hache-P & Dehmo & Jok'air
70%
113 Rim'K & AP & Mokobé
60%
L2B KLN & D2 & IDS
23%
L'Or du Commun Loxley & Primero & Swing
10%
Aucun quiz correspondant
Distribution des résultats
% des personnes avec chaque résultat
Percentile par nombre de réponses
Votre historique - résultats
Vous n’avez pas pris ce quiz